书目信息 |
| 题名: |
最可爱设计
|
|
| 作者: | 埃维 编 ;张泓 , 车成利 译 | |
| 分册: | ||
| 出版信息: | 大连 大连理工大学出版社 2010.08 |
|
| 页数: | 317页 | |
| 开本: | 21cm | |
| 丛书名: | ||
| 单 册: | ||
| 中图分类: | J506 | |
| 科图分类: | ||
| 主题词: | 工艺美术--gong yi mei shu--设计 | |
| 电子资源: | ||
| ISBN: | 978-7-5611-5410-6 | |
| 000 | 00962nam0 2200253 450 | |
| 001 | 012010467030 | |
| 005 | 20101222111524.71 | |
| 010 | @a978-7-5611-5410-6@dCNY68.00 | |
| 100 | @a20101222d2010 em y0chiy0120 ea | |
| 101 | 2 | @achi@aeng@ceng |
| 102 | @aCN@b210000 | |
| 105 | @aa z 000yy | |
| 106 | @ar | |
| 200 | 1 | @a最可爱设计@Azui ke ai she ji@f(英) 奥莉维亚·埃维 (Olivia Ivy) 编@F(ying)ao li wei ya·ai wei(Olivia Ivy)bian@g张泓, 车成利译@Gzhang hong,che cheng li yi |
| 210 | @a大连@c大连理工大学出版社@d2010.08 | |
| 215 | @a317页@c彩图@d21cm | |
| 330 | @a本书对“可爱世界”中的卡通人物设计、可爱食品、可爱手工和玩偶设计等进行了完整的展示,其中可爱食品、可爱手工和玩偶设计部分均有制作过程。 | |
| 606 | 0 | @a工艺美术@Agong yi mei shu@x设计 |
| 690 | @aJ506@v4 | |
| 701 | 1 | @a埃维@Aai wei@g(Ivy, Olivia)@4编 |
| 702 | 0 | @a张泓@Azhang hong@4译 |
| 702 | 0 | @a车成利@Ache cheng li@4译 |
| 801 | 0 | @aCN@bQSSK@c20101222 |
| 905 | @b790688-90@dJ506@eA303@f3 | |
| 最可爱设计/(英) 奥莉维亚·埃维 (Olivia Ivy) 编/张泓, 车成利译.-大连:大连理工大学出版社,2010.08 |
| 317页:彩图;21cm |
| ISBN 978-7-5611-5410-6:CNY68.00 |
| 本书对“可爱世界”中的卡通人物设计、可爱食品、可爱手工和玩偶设计等进行了完整的展示,其中可爱食品、可爱手工和玩偶设计部分均有制作过程。 |
| ● |
| 相关链接 |
|
|
|
正题名:最可爱设计
索取号:J506/A303
 
预约/预借
| 序号 | 登录号 | 条形码 | 馆藏地/架位号 | 状态 | 备注 |
| 1 | 790688 | 207906881 | 社科库309/309社科库 85排2列4层/ [索取号:J506/A303] | 在馆 | |
| 2 | 790689 | 207906890 | 社科库309/309社科库 85排2列4层/ [索取号:J506/A303] | 在馆 | |
| 3 | 790690 | 207906907 | 社科库309/309社科库 85排2列4层/ [索取号:J506/A303] | 在馆 |